Effect of growing methods on growth and yield of phkarumdeng rice, ឥទ្ធិពលនៃវិធីសាស្រ្តដាំដុះទៅលើការលូតលាស់និងទិន្នផលស្រូវផ្ការំដេង (Record no. 7669)

000 -LEADER
fixed length control field 00612nam a22001457a 4500
003 - CONTROL NUMBER IDENTIFIER
control field OSt
005 - DATE AND TIME OF LATEST TRANSACTION
control field 20160321090905.0
008 - FIXED-LENGTH DATA ELEMENTS--GENERAL INFORMATION
fixed length control field 160321b xxu||||| |||| 00| 0 eng d
040 ## - CATALOGING SOURCE
Transcribing agency RUA
082 ## - DEWEY DECIMAL CLASSIFICATION NUMBER
Classification number AGR CHH 2011 B470 Or.1
100 ## - MAIN ENTRY--PERSONAL NAME
9 (RLIN) 8069
Personal name CHHORN SREYPOV; ឆន ស្រីពៅ
245 ## - TITLE STATEMENT
Title Effect of growing methods on growth and yield of phkarumdeng rice, ឥទ្ធិពលនៃវិធីសាស្រ្តដាំដុះទៅលើការលូតលាស់និងទិន្នផលស្រូវផ្ការំដេង
300 ## - PHYSICAL DESCRIPTION
Extent xi,66p.
Other physical details iil.
Dimensions 29cm.
942 ## - ADDED ENTRY ELEMENTS (KOHA)
Source of classification or shelving scheme
Koha item type AGR
Holdings
Price effective from Date last seen Permanent Location Not for loan Date acquired Source of classification or shelving scheme Koha item type Barcode Lost status Damaged status Shelving location Withdrawn status Current Location Full call number
2016-03-212016-03-21Library Block B 2016-03-21 AGRRUA058230  B470 Library Block BAGR CHH 2011 B470 Or.1
មជ្ឈមណ្ឌលឯការនៃសាកលវិទ្យាល័យភូមិន្ទកសិកម្មចំការដូង

Powered by Koha